| 000 | 01053nam a2200301 i 4500 | ||
|---|---|---|---|
| 001 | 000020977 | ||
| 003 | DO-SdBNP | ||
| 005 | 20250318152235.0 | ||
| 007 | ta | ||
| 008 | 100825s1982 dr 001 0 spa d | ||
| 040 |
_aDO-SdBNP _bspa _cBNPHU _erda |
||
| 082 | 4 |
_a972.9402 _bN287h _222 |
|
| 100 | 1 |
_aNau, Emilio _943921 _eautor |
|
| 245 | 1 | 0 |
_aHistoria de los caciques de Haití / _cEmilio Nau ; prólogo, Bernardo Vega. |
| 264 | 1 |
_aSanto Domingo : _bEditora de Santo Domingo; _bSociedad Dominicana de Bibliófilos, _c1982. |
|
| 300 |
_axxxv, 316 páginas ; _c23 cm. |
||
| 336 |
_2rdacontent _atexto _btxt |
||
| 337 |
_2rdamedia _asin mediación _bn |
||
| 338 |
_2rdacarrier _avolumen _bnc |
||
| 490 |
_aCultura dominicana _v46 |
||
| 500 | _aIncluye notas explicativas. | ||
| 590 | _aInventariado, 2020/ YL | ||
| 650 | 4 |
_aHaití _xHistoria _943922 |
|
| 651 | 4 |
_aAmérica -- _xDescubrimiento y exploración -- _xEspañoles _vEnsayo, conferencias, etc. _9544 |
|
| 700 | 1 |
_aVega, Bernardo, _d1938 - _eprólogo _93222 |
|
| 910 | _aYL | ||
| 942 |
_2ddc _cLBS1 |
||
| 999 |
_c20480 _d20480 |
||